Statistics for Flags With Weapons on Them

Click here to take the quiz!

General Stats

  • This quiz has been taken 19 times
    (5 since last reset)
  • The average score is 11 of 12

Answer Stats

Answer% Correct
Vatican City
100%
Saudi Arabia
100%
Angola
100%
Sri Lanka
100%
Kenya
100%
Barbados
100%
Oman
80%
Mozambique
80%
Belize
80%
Haiti
80%
Eswatini
80%
Guatemala
60%

Score Distribution

Percentile by Number Answered

Percent of People with Each Score

Your Score History

You have not taken this quiz since the last reset